| 000 | 01476nam2a2200229 4500 | ||
|---|---|---|---|
| 001 | rc\2962381 | ||
| 005 | 20260315061127.0 | ||
| 035 | _a(NLR Aleph) 007108974 | ||
| 090 |
_a13605462 _c13605462 |
||
| 100 | _a20110903d1933 u y0rusy50 ca | ||
| 101 | 0 | _arus | |
| 102 | _aRU | ||
| 105 | _aac z ||||| | ||
| 200 | 0 | _aСборник 1 | |
| 210 | _d1933 | ||
| 215 |
_a180 с., 3 вкл. л. портр., черт., табл. _cпортр., черт., табл. |
||
| 461 | 0 |
_1001rc\2962380 _12000#$aЭпрон$eСборник статей по судоподъему, водолазному и аварийно-спасательному делу. Сборник 1$fВ сборнике участвуют: Соколов-Микитов И.С., Крылов Ф.И. (нач. гл. упр. Эпрона), Лукашевич С.П... [и др.]$gЭпрон$vСборник 1 _96748084 _cЛенинград _d1933 _fВ сборнике участвуют: Соколов-Микитов И.С., Крылов Ф.И. (нач. гл. упр. Эпрона), Лукашевич С.П... [и др.] _nКраснознаменная экспедиция подводных работ СССР _oСборник статей по судоподъему, водолазному и аварийно-спасательному делу. Сборник 1 _tЭпрон _vСборник 1 |
|
| 801 | 0 |
_aRU _bNLR _gpsbo |
|
| 801 | 1 |
_aRU _bELAR _2rusmarc |
|
| 852 |
_aNLR _j33-19/367(1) |
||
| 942 | _cUNSPEC | ||
| 980 | _aNB | ||